| 000 | 00744nam a2200253Ia 4500 | ||
|---|---|---|---|
| 003 | OSt | ||
| 005 | 20220925204910.0 | ||
| 006 | a|||||r|||| 00| 0 | ||
| 007 | ta | ||
| 008 | 220923b |||||||| |||| 00| 0 eng d | ||
| 037 | _cGeneral Book | ||
| 040 |
_aRTL _cRTL _beng |
||
| 041 |
_2eng _aeng |
||
| 082 | _aY15:5231.1-1.N7, L5 | ||
| 100 |
_aRaphael Dana Ed. _9137208 |
||
| 245 | 0 |
_aBeing female _b Reproduction, power, and change |
|
| 260 |
_aHague _bMouton _c1975 |
||
| 300 |
_axiii,293p _ccm. |
||
| 490 | _aWorld Anthropology Ed by Sol Tax | ||
| 500 | _aBibliography chapterwise | ||
| 650 | _aWomen Sociology | ||
| 942 |
_hY15:5231.1-1.N7, L5 _cGB _2CC |
||
| 999 |
_c550719 _d550719 |
||